| 000 | 01196cab a22002175a 4500 | ||
|---|---|---|---|
| 001 | E147901 | ||
| 008 | 090630e20090616xxk 000 0 eng d | ||
| 035 | _a(Sirsi) u147901 | ||
| 041 | 0 | _aeng | |
| 100 | 1 | _aQuinn, Mark | |
| 245 | 0 | 0 |
_aDevelopment management scheme _ba new tool for developers in Scotland _h[electronic resource] |
| 260 | _c2009 | ||
| 490 |
_aRICS Feature _v16 June 2009 |
||
| 520 | _aLooks at Development Management Schemes (DMSs), which are a way for owners in a development to come together to manage their properties. Previously, this had been done by forming an owners' association in the form of a club or trust, however the Title Conditions (Scotland) Act 2003 (Development Management Scheme) Order 2009, which came into force on 1 June 2009, allows DMSs to be formed through the registering of a Deed of Application in the Property Register. | ||
| 590 | _aKA | ||
| 650 | 2 | 4 | _aTITLE CONDITIONS (SCOTLAND) ACT 2003 (DEVELOPMENT MANAGEMENT SCHEME) ORDER 2009 |
| 651 | 4 |
_aScotland _y1999- |
|
| 690 |
_aBlock management _96220 |
||
| 856 | 4 | 0 |
_uhttps://www.rics.org/site/scripts/news_article.aspx?newsID=668 _zView the article free of charge at www.rics.org... |
| 942 | _n0 | ||
| 999 |
_c81675 _d81675 |
||